<?xml version='1.0' encoding='UTF-8'?>
  <record xmlns="http://www.loc.gov/MARC21/slim">
    <leader>00000cam a22000007i 4500</leader>
    <controlfield tag="001">ocn181690658</controlfield>
    <controlfield tag="003">OCoLC</controlfield>
    <controlfield tag="005">20251212112653.8</controlfield>
    <controlfield tag="008">981001s1580    gw a          001 0 ger d</controlfield>
    <datafield tag="040" ind1=" " ind2=" ">
      <subfield code="a">QCL</subfield>
      <subfield code="b">eng</subfield>
      <subfield code="e">rda</subfield>
      <subfield code="e">dcrmr</subfield>
      <subfield code="c">QCL</subfield>
      <subfield code="d">OCLCQ</subfield>
      <subfield code="d">OCLCL</subfield>
      <subfield code="d">QGJ</subfield>
      <subfield code="d">OCLCQ</subfield>
      <subfield code="d">QGJ</subfield>
    </datafield>
    <datafield tag="029" ind1="1" ind2=" ">
      <subfield code="a">CHBIS</subfield>
      <subfield code="b">006639083</subfield>
    </datafield>
    <datafield tag="029" ind1="1" ind2=" ">
      <subfield code="a">CHVBK</subfield>
      <subfield code="b">175970335</subfield>
    </datafield>
    <datafield tag="035" ind1=" " ind2=" ">
      <subfield code="a">(OCoLC)181690658</subfield>
    </datafield>
    <datafield tag="100" ind1="1" ind2=" ">
      <subfield code="a">Weyer, Johann,</subfield>
      <subfield code="d">1515-1588.</subfield>
      <subfield code="1">https://id.oclc.org/worldcat/entity/E39PBJrrx67GdhCQJhWCpTXWXd</subfield>
    </datafield>
    <datafield tag="245" ind1="1" ind2="0">
      <subfield code="a">Artzney Buch: Von etlichen biss anher vnbekandten vnd vnbeschriebenen Kranckheiten, als da sind, der Schurbauch, Varen oder lauffenden Varen, Pestilenz, Pestilentzische Pleuritis vnd Brustkranckheit, stechend Rippenwehe, Engelendische Schweiss :</subfield>
      <subfield code="b">Auch Vrsachen, Zeichen, Diaeta, vnd eigentlicher Curation derselben. /</subfield>
      <subfield code="c">Durch Den hocherfahrnen vnnd Weitberhümbten Herrn Johann Weyern, Fürstichen Cleuischen Doctorem Medicum selbst verfertigt, vnd in Teutsche Spraach gebracht.</subfield>
    </datafield>
    <datafield tag="246" ind1="3" ind2=" ">
      <subfield code="a">Artzney Buch: Von etlichen biß anher vnbekandten vnd vnbeschriebenen Kranckheiten, als da sind,der Schurbauch, Varen oder lauffenden Varen</subfield>
    </datafield>
    <datafield tag="246" ind1="3" ind2=" ">
      <subfield code="a">Artzney Buch: Von etlichen biss anher unbekandten und unbeschriebenen Kranckheiten, als da sind,der Schurbauch, Varen oder lauffenden Varen</subfield>
    </datafield>
    <datafield tag="264" ind1=" " ind2="1">
      <subfield code="a">Getruckt zu Franckfurt am Mayn, :</subfield>
      <subfield code="b">durch Nicolaum Bassee,</subfield>
      <subfield code="c">1580.</subfield>
    </datafield>
    <datafield tag="300" ind1=" " ind2=" ">
      <subfield code="a">[16], 91, [1] leaves ;</subfield>
      <subfield code="b">illustrations (woodcuts) ;</subfield>
      <subfield code="c">16 cm (8vo)</subfield>
    </datafield>
    <datafield tag="336" ind1=" " ind2=" ">
      <subfield code="a">text</subfield>
      <subfield code="b">txt</subfield>
      <subfield code="2">rdacontent</subfield>
    </datafield>
    <datafield tag="337" ind1=" " ind2=" ">
      <subfield code="a">unmediated</subfield>
      <subfield code="b">n</subfield>
      <subfield code="2">rdamedia</subfield>
    </datafield>
    <datafield tag="338" ind1=" " ind2=" ">
      <subfield code="a">volume</subfield>
      <subfield code="b">nc</subfield>
      <subfield code="2">rdacarrier</subfield>
    </datafield>
    <datafield tag="340" ind1=" " ind2=" ">
      <subfield code="m">8vo</subfield>
      <subfield code="2">rdabf</subfield>
    </datafield>
    <datafield tag="500" ind1=" " ind2=" ">
      <subfield code="a">Title page printed in red and black.</subfield>
    </datafield>
    <datafield tag="500" ind1=" " ind2=" ">
      <subfield code="a">Printed device on title page.</subfield>
    </datafield>
    <datafield tag="500" ind1=" " ind2=" ">
      <subfield code="a">Printer's name from colophon, which reads: Getruckt zu Franckfurt am Mayn, durch Nicolaum Bassee, Jm Jar, M. D. LXXX.</subfield>
    </datafield>
    <datafield tag="500" ind1=" " ind2=" ">
      <subfield code="a">Initials, printed marginalia.</subfield>
    </datafield>
    <datafield tag="500" ind1=" " ind2=" ">
      <subfield code="a">Signatures: A-N⁸ O⁴; A1v and O4v are blank.</subfield>
    </datafield>
    <datafield tag="500" ind1=" " ind2=" ">
      <subfield code="a">A1v and O4v are blank.</subfield>
    </datafield>
    <datafield tag="510" ind1="4" ind2=" ">
      <subfield code="a">Verzeichnis der im deutschen Sprachbereich erschienenen Drucke des 16. Jahrhunderts (VD 16),</subfield>
      <subfield code="c">W 2659</subfield>
      <subfield code="u">https://gateway-bayern.de/VD16+W+2659</subfield>
    </datafield>
    <datafield tag="700" ind1="0" ind2=" ">
      <subfield code="a">Anna,</subfield>
      <subfield code="c">Gräfin von Tecklenburg-Schwerin,</subfield>
      <subfield code="d">1532?-1582,</subfield>
      <subfield code="e">dedicatee.</subfield>
      <subfield code="4">dte</subfield>
    </datafield>
    <datafield tag="700" ind1="1" ind2=" ">
      <subfield code="a">Bassée, Nicolas,</subfield>
      <subfield code="d">-1601,</subfield>
      <subfield code="e">printer.</subfield>
      <subfield code="4">prt</subfield>
      <subfield code="1">https://id.oclc.org/worldcat/entity/E39PBJvH8wXpF79wB7XGCJyrv3</subfield>
    </datafield>
    <datafield tag="752" ind1=" " ind2=" ">
      <subfield code="a">Germany</subfield>
      <subfield code="d">Frankfurt am Main,</subfield>
      <subfield code="e">publication place.</subfield>
      <subfield code="4">pup</subfield>
    </datafield>
    <datafield tag="936" ind1=" " ind2=" ">
      <subfield code="a">BATCHLOAD</subfield>
    </datafield>
  </record>